000 00542nam a2200229Ia 4500
003 OSt
005 20220918175622.0
006 a|||||r|||| 00| 0
007 ta
008 220917b |||||||| |||| 00| 0 eng d
024 _a18,244
037 _cTextual
040 _aARTS
_cARTS
_beng
041 _2eng
_aeng
082 _aO:1M71x, H0
100 _aDavies W H.
_954559
245 0 _aPoems
260 _c1940
650 _aENGLISH LITERATURE
942 _hO:1M71x, H0
_cTEXL
_2CC
999 _c158373
_d158373